000
00389nam a22001697a 4500
003
MPLRDC
005
20220104123948.0
008
210129b ||||| |||| 00| 0 eng d
082
_a
528.2 TYZ
100
_a
田永正译
245
_a
如何教导青少年子女
_c
250
_a
初版
260
_a
_b
光启出版社
_c
1970
300
_b
平
650
_a
942
_c
BK
_o
528.2 TYZ
999
_c
15561
_d
15551